000 00668nam a2200229 a 4500
008
020 _a0070098751(hbk.)
049 _aMAIN
090 _aQL955.P23CAR
100 1 _aCarlson,M.Bruce
245 1 0 _aPattern,s Foundations of Embryology/
_cBruce M.Carlson
260 _aUnited States :
_bMcGraw-Hill Book Company,
_c`981
300 _axv, 672 p. :
_bill. ;
_c24 cm.
504 _aIncludes bibliographical references.
500 _aIncludes index.
650 1 _aEmbryology
907 _a.b10181921
_b17-02-06
_c29-11-05
003
005 20230123134131.0
040 _cNUST
942 _cBOOKS
_kQL955.P23CAR
999 _c160627
_d160627